000 00596cas a22002055a 4500
001 L13899
008 070719d19901990xxkmr p 0 a0eng u
035 _a(Sirsi) u138999
041 0 _aeng
110 2 _aInstitute of Revenues, Rating and Valuation
_92992
245 0 0 _aRRV Monthly
260 _aLondon
_bIRRV
_c1990
362 0 _aJanuary-December 1990
554 _a12 per year
651 4 _aUnited Kingdom
_y
690 _aPROPERTY-PROPERTY APPRAISAL AND VALUATION
780 0 0 _tRVA Monthly
785 0 0 _tJournal
_bThe Institute of Revenues Rating and Valuation
_x0961-804X
942 _n0
999 _c119064
_d119064